000 00319nam a2200121Ia 4500
008 220217s9999||||xx |||||||||||||| ||und||
082 _a621.381 5 YOG
100 _aYoganarasimhan, B.N
245 0 _aElectronic circuits - I
260 _aShiva book centre
_bBangalore
_c1999
300 _b165
650 _aCIRCUITRY
999 _c165899
_d165899